ARRUPE JESUIT UNIVERSITY

CORONAVIRUS -STOP THE SPREAD - CLEAN,DISINFECT,COVER

African Voices, African Lives (Record no. 17252)

MARC details
000 -LEADER
fixed length control field 00472nam a2200193Ia 4500
003 - CONTROL NUMBER IDENTIFIER
control field 0100
005 - DATE AND TIME OF LATEST TRANSACTION
control field 20170530090647.0
008 - FIXED-LENGTH DATA ELEMENTS--GENERAL INFORMATION
fixed length control field 130303s9999 xx 000 0 und d
040 ## - CATALOGING SOURCE
Transcribing agency ARRUPELIB
050 ## - LIBRARY OF CONGRESS CALL NUMBER
Classification number DT443.3.S92C36 1997
100 ## - MAIN ENTRY--PERSONAL NAME
Personal name Caplan, Pat
9 (RLIN) 30619
245 ## - TITLE STATEMENT
Title African Voices, African Lives
245 ## - TITLE STATEMENT
Remainder of title Personal Narratives from a Swahili Village
260 ## - PUBLICATION, DISTRIBUTION, ETC. (IMPRINT)
Name of publisher, distributor, etc Routledge
Place of publication, distribution, etc London
Date of publication, distribution, etc 1997
300 ## - PHYSICAL DESCRIPTION
Extent 267p
650 ## - SUBJECT ADDED ENTRY--TOPICAL TERM
Topical term or geographic name as entry element Minazini (Tanzania)
9 (RLIN) 31623
650 ## - SUBJECT ADDED ENTRY--TOPICAL TERM
Topical term or geographic name as entry element Religious Life and Customs Minazini(Tanzania)
General subdivision Social Life and Customs
9 (RLIN) 31624
942 ## - ADDED ENTRY ELEMENTS (KOHA)
Source of classification or shelving scheme Library of Congress Classification
Koha item type Monograph ( Printed materials)
Holdings
Withdrawn status Lost status Source of classification or shelving scheme Damaged status Not for loan Collection code Home library Current library Date acquired Total Checkouts Full call number Barcode Date last seen Copy number Price effective from Koha item type Shelving location Date checked out
    Library of Congress Classification     Main Collection ARRUPE LIBRARY ARRUPE LIBRARY 04/03/2013   DT443.3.S92C36 1997 46600000064 07/12/2017 1 04/03/2013 Monograph ( Printed materials)    
    Library of Congress Classification     Main Collection ARRUPE LIBRARY ARRUPE LIBRARY 04/03/2013 1 DT443.3.S92C36 1997 46003028808 11/05/2023 2 04/03/2013 Monograph ( Printed materials)   10/01/2023

 

Arrupe Library. PO Box MP320 Mt Pleasant, Harare, Zimbabwe
263 242 745411|librarian@aju.ac.zw